Statistiques concernant Top 15 des pays avec les décès de Covid-19 - 26 mar 2021

Cliquez ici pour prendre le quiz!

Statistiques générales

  • Ce quiz a été pris 17 fois
  • Le résultat moyen est 14 sur 25

Statistiques - réponses

pays% Correct
Etats-Unis
100%
France
100%
Allemagne
94%
Brésil
94%
Espagne
94%
Inde
94%
Italie
94%
Russie
88%
Royaume-Uni
81%
Mexique
69%
Argentine
63%
Portugal
63%
Pérou
56%
Pologne
56%
Belgique
50%
Colombie
50%
Afrique du Sud
44%
Iran
31%
Bosnie-Herzégovine
19%
Bulgarie
19%
Hongrie
19%
Tchèquie
19%
Slovaquie
13%
Slovénie
13%
Macédoine du Nord
6%

Distribution des résultats

Percentile par nombre de réponses

% des personnes avec chaque résultat

Votre développement - résultats

Vous n’avez pas pris ce quiz